000
00337nam a2200145Ia 4500
005
20251222141950.0
008
251222s9999||||xx |||||||||||||| ||spa||
020
_a
84-7153-197-6
082
_a
REF.473/S74
100
_a
Mir, José Marya
245
0
_a
Diccionario Ilustrado:
250
_a
12a.ed.
264
_b
Bibliograf
942
_c
LIB
999
_c
9652
_d
9652